Las siete columnas del diseño / (Record no. 21085)

MARC details
000 -CABECERA
campo de control de longitud fija 00714nam a2200241 4500
003 - IDENTIFICADOR DEL NÚMERO DE CONTROL
campo de control OSt
005 - FECHA Y HORA DE LA ÚLTIMA TRANSACCIÓN
campo de control 20260601193405.0
008 - DATOS DE LONGITUD FIJA--INFORMACIÓN GENERAL
campo de control de longitud fija 260421b1993 mx |||| |||| 00| 0 spa d
020 ## - NÚMERO INTERNACIONAL ESTÁNDAR DEL LIBRO
Número Internacional Estándar del Libro 9706203176
020 ## - NÚMERO INTERNACIONAL ESTÁNDAR DEL LIBRO
Número Internacional Estándar del Libro 9789706203175
040 ## - FUENTE DE LA CATALOGACIÓN
Centro catalogador/agencia de origen ICI
Lengua de catalogación spa
Centro/agencia transcriptor ICI
050 #4 - SIGNATURA TOPOGRÁFICA DE LA BIBLIOTECA DEL CONGRESO
Número de clasificación NK1510
Número de documento/Ítem B65
100 #1 - ENTRADA PRINCIPAL--NOMBRE DE PERSONA
Nombre de persona Bonsiepe, Gui,
Fechas asociadas al nombre 1934-,
9 (RLIN) 35373
245 #1 - MENCIÓN DE TÍTULO
Título Las siete columnas del diseño /
Mención de responsabilidad, etc. Gui Bonsiepe
246 #1 - FORMA VARIANTE DE TÍTULO
Título propio/Titulo breve 7 columnas del diseño
264 ## - PRODUCCIÓN, PUBLICACIÓN, DISTRIBUCIÓN, FABRICACIÓN Y COPYRIGHT
Nombre del de productor, editor, distribuidor, fabricante Universidad Autónoma Metropolitana Azcapotzalcpo,
Fecha de producción, publicación, distribución, fabricación o copyright 1993
Producción, publicación, distribución, fabricación y copyright México :
300 ## - DESCRIPCIÓN FÍSICA
Extensión 1 volume (paginación varia) :
Dimensiones 25cm.
336 ## - TIPO DE CONTENIDO
Término de tipo de contenido texto
Fuente rdacontent
337 ## - TIPO DE MEDIO
Nombre/término del tipo de medio sin medio
Fuente rdamedia
338 ## - TIPO DE SOPORTE
Nombre/término del tipo de soporte volumen
Fuente rdacarrier
650 #0 - PUNTO DE ACCESO ADICIONAL DE MATERIA--TÉRMINO DE MATERIA
Término de materia o nombre geográfico como elemento de entrada Diseño
9 (RLIN) 35374
942 ## - ELEMENTOS DE PUNTO DE ACCESO ADICIONAL (KOHA)
Fuente del sistema de clasificación o colocación Library of Congress Classification
Tipo de ítem Koha Libros
Holdings
Estado de retiro Estado de pérdida Fuente del sistema de clasificación o colocación Estado dañado No para préstamo Localización permanente Ubicación/localización actual Fecha de adquisición Total de préstamos Signatura topográfica completa Código de barras Fecha visto por última vez Número de copia Precio válido a partir de Tipo de ítem Koha
El ejemplar forma parte de la colección y puede ser consultado según las políticas vigentes.   Library of Congress Classification     Biblioteca de Diseño Museo Franz Mayer Biblioteca de Diseño Museo Franz Mayer 21/04/2026   NK1510 B65 BDIMFM000164 21/04/2026 Ej.1 21/04/2026 Libros